000 00513 a2200169 4500
020 _a0198751613
020 _a0198751613
040 _aDLC
_bDLC
100 1 _aBerkeley, George,
245 1 2 _aA treatise concerning the principles of human knowledge
_cGeorge Berkeley, Jonathan Dancy.
260 _aOxford ;
_aNew York :
_bOxford University Press,
_c1998.
300 _a237 p.
440 0 _aOxford philosophical texts.
650 0 _aKnowledge, Theory of.
700 1 _aDancy, Jonathan.
942 _cBK
_k121 BER
_2ddc
999 _c6746
_d6746